000 00612nam a2200205Ia 4500
005 20250326141604.0
008 250326s9999 xx 000 0 und d
020 _a0-13-457482-6
037 _aTextbook
040 _aFMSL
_beng
_cFMSL
041 _aeng
_2eng
084 _aX8(A):51 N1
_qFMSL
100 _aReeder R R & Others
_9744738
245 0 _aIndustrial marketing : Analysis, planning and control
_cReeder R R & Others
250 _a2nd
260 _aUSA Englewood
_bUSA Englewood, Prentice-Hall Int.
_c1997
300 _a686p
942 _cTB
_hX8(A):51 N1
999 _c1291035
_d1291035